Porovnanie konkurencieschopnosti slovenskej ekonomiky s ostatnými krajinami diplomová práca

Enregistré dans:
Détails bibliographiques
Auteur principal: Dubovský, Lukáš
Collectivité auteur: Národohospodárska fakulta EU. Katedra hospodárskej politiky
Autres auteurs: Kopkáš, Peter
Format: Livre
Langue:slovaque
Publié: Bratislava 2010
Tags: Ajouter un tag
Pas de tags, Soyez le premier à ajouter un tag!

MARC

LEADER 00000nam a2200000 4500
001 0119949
005 20240318123134.7
041 0 |a slo 
044 |a SK 
245 1 0 |a Porovnanie konkurencieschopnosti slovenskej ekonomiky s ostatnými krajinami  |b diplomová práca  |c Lukáš Dubovský ; škol. Peter Kopkáš 
264 1 |a Bratislava  |c 2010 
300 |a 56 s. 
100 1 |a Dubovský, Lukáš 
700 1 |a Kopkáš, Peter 
710 2 |a Národohospodárska fakulta EU. Katedra hospodárskej politiky